Making both ends meet : (Record no. 12530)
[ view plain ]
| 000 -LEADER | |
|---|---|
| fixed length control field | 01229nam a22002897i 4500 |
| 003 - CONTROL NUMBER IDENTIFIER | |
| control field | URS |
| 005 - DATE AND TIME OF LATEST TRANSACTION | |
| control field | 20220117150840.0 |
| 008 - FIXED-LENGTH DATA ELEMENTS--GENERAL INFORMATION | |
| fixed length control field | 181214t2015 ||||| |||| 00| 0 eng d |
| 040 ## - CATALOGING SOURCE | |
| Language of cataloging | eng |
| Description conventions | rda |
| Transcribing agency | URS |
| 050 14 - LIBRARY OF CONGRESS CALL NUMBER | |
| Classification number | HD 1330 |
| Item number | M2895 2015 |
| 245 00 - TITLE STATEMENT | |
| Title | Making both ends meet : |
| Remainder of title | peasants in the face of semi-feudal and semi-colonial Philippines / |
| Statement of responsibility, etc. | Reynaldo O. Cuizon, Evangeline M. Guinto, Girlie E. Amarillo, Filipinas Bana, Huberto Zanoria. |
| 264 #1 - PRODUCTION, PUBLICATION, DISTRIBUTION, MANUFACTURE, AND COPYRIGHT NOTICE | |
| Place of production, publication, distribution, manufacture | Saarbrucken : |
| Name of producer, publisher, distributor, manufacturer | OmniScriptum GmbH and Co, |
| Date of production, publication, distribution, manufacture, or copyright notice | [2015] |
| 264 #4 - PRODUCTION, PUBLICATION, DISTRIBUTION, MANUFACTURE, AND COPYRIGHT NOTICE | |
| Place of production, publication, distribution, manufacture | ©2015 |
| 300 ## - PHYSICAL DESCRIPTION | |
| Extent | 96 pages ; |
| Dimensions | 23 cm |
| 336 ## - CONTENT TYPE | |
| Content type term | text |
| Content type code | txt |
| Source | rdacontent |
| 337 ## - MEDIA TYPE | |
| Media type term | unmediated |
| Media type code | n |
| Source | rdamedia |
| 338 ## - CARRIER TYPE | |
| Carrier type term | volume |
| Carrier type code | nc |
| Source | rdacarrier |
| 524 ## - PREFERRED CITATION OF DESCRIBED MATERIALS NOTE | |
| Preferred citation of described materials note | Cuizon, R. O., Guinto, E. M., Amarillo, G. E., Bana, F., Zanoria, H. (2015). Making both ends meet : peasants in the face of semi-feudal and semi-colonial Philippines. Saarbrucken : OmniScriptum GmbH and Company. |
| 650 #0 - SUBJECT ADDED ENTRY--TOPICAL TERM | |
| Topical term or geographic name entry element | Farmers |
| General subdivision | Social conditions |
| Geographic subdivision | Philippines |
| 650 #0 - SUBJECT ADDED ENTRY--TOPICAL TERM | |
| Topical term or geographic name entry element | Farm tenancy |
| Geographic subdivision | Philippines |
| 700 1# - ADDED ENTRY--PERSONAL NAME | |
| Personal name | Cuizon, Reynaldo O. |
| Relator term | author |
| 700 1# - ADDED ENTRY--PERSONAL NAME | |
| Personal name | Guinto, Evangeline M. |
| Relator term | author |
| 700 1# - ADDED ENTRY--PERSONAL NAME | |
| Personal name | Amarillo, Girlie E. |
| Relator term | author |
| 700 1# - ADDED ENTRY--PERSONAL NAME | |
| Personal name | Bana, Filipinas |
| Relator term | author |
| 700 1# - ADDED ENTRY--PERSONAL NAME | |
| Personal name | Zanoria Huberto |
| Relator term | author |
| 942 ## - ADDED ENTRY ELEMENTS (KOHA) | |
| Koha item type | Filipiniana |
| Source of classification or shelving scheme | Library of Congress Classification |
| Withdrawn status | Source of classification or shelving scheme | Damaged status | Not for loan | Collection code | Home library | Current library | Shelving location | Date acquired | Source of acquisition | Total Checkouts | Full call number | Barcode | Date last seen | Price effective from | Koha item type |
|---|---|---|---|---|---|---|---|---|---|---|---|---|---|---|---|
| Library of Congress Classification | Non-fiction | Tanay College Library | Tanay College Library | Reserve Section | 12/14/2018 | URS Fund | HD 1330 M2895 2015 | URSTAN-N2690 | 07/08/2019 | 07/08/2019 | Filipiniana |